Statistiques concernant Spanish vocab

Cliquez ici pour prendre le quiz!

Statistiques générales

  • Ce quiz a été pris 24 fois
    (19 depuis la dernière actualisation)
  • Le résultat moyen est 17 sur 51

Statistiques - réponses

HintRéponse% Correct
un poèmeun poema
79%
le rythmeel ritmo
71%
le thèmeel tema
71%
le titreel titulo
71%
une scèneuna escena
71%
l'argumentel argumento
64%
le mouvementel movimiento
64%
une pageuna pagina
64%
un dialogueun dialogo
64%
le narrateurel narrador
57%
ce texte traite deeste texto trata de
57%
le journalisteel periodista
50%
le poèteel poeta
50%
le résuméel resumen
50%
l'idée généralela idea general
50%
les personnageslos personajes
50%
une oeuvreuna obra
50%
le contexteel contexto
43%
la citationla cita
43%
un romanuna novela
43%
le critiqueel critico
36%
l'écrivanel escritor
36%
... a été publié enfue publicado en
36%
la première strophela primera estrofa
36%
une interviewuna entrevista
36%
le poème évoqueel poema evoca
29%
les sous titreslos subtitulos
29%
... se divise ense divide en
29%
avoir lieutener lugar
29%
une anecdoteuna anecdota
29%
il raconte l'histoire decuenta la historia de
21%
la fin du texteel final del texto
21%
le romancierel novelista
21%
le premier paragrapheel primer parrafo
21%
la dynamiquela dinamica
21%
la date de publicationla fecha de publicacion
21%
la poésie engagéela poesia comprometida
21%
un article de journalun articulo de periodico
21%
ce texte pose le problème deeste texto plantea el problema de
14%
le dénouementel desenlace
7%
le clichéel topico
7%
ce texte est tiré deeste texto esta sacado de
7%
un extrait de texteun fragmento de texto
7%
l'article nous donne des informations surel articulo da informaciones acerca de
0%
le sujetel asunto
0%
l'auteur dramatiqueel dramaturgo
0%
la façon d'aborder un sujetel enfoque de un asunto
0%
l'intrigueel enredo
0%
la scène se passela escena pasa en
0%
il rapporte un événementrelata un suceso
0%
un récitun relato
0%

Distribution des résultats

Percentile par nombre de réponses

% des personnes avec chaque résultat

Votre développement - résultats

Vous n’avez pas pris ce quiz depuis la dernière actualisation